000 00694cab a2200229 4500
001 WB3314-72
008 090401t1997 xxu||||| |||| 00| 0 eng d
035 _a(Sirsi) u77509
041 _aeng
245 _aFlat owner awarded £47,000
260 _c1997
350 _a0
490 _aHerald
_v26 March 1997, 9(1)
520 _aA flat owner was awarded damages of £47,000 to cover the cost of repairing structural damage caused by a company carrying out restoration work on a neighbouring apartment.
650 _aCOMPENSATION
650 _aCRACKS
650 _aDAMAGES
650 _aSTRUCTURAL DAMAGE
690 _aPROPERTY LAW AND PRACTICE
942 _n0
948 _c02/04/1997
999 _c48735
_d48735